Discussion paper on woodland expansion in Scotland (Record no. 108571)
[ view plain ]
| 000 -LEADER | |
|---|---|
| fixed length control field | 01025cam a22002175a 4500 |
| 001 - CONTROL NUMBER | |
| control field | E144641 |
| 008 - FIXED-LENGTH DATA ELEMENTS--GENERAL INFORMATION | |
| fixed length control field | 080801s2008 xxk f 000 0 eng d |
| 035 ## - SYSTEM CONTROL NUMBER | |
| System control number | (Sirsi) u144641 |
| 041 0# - LANGUAGE CODE | |
| Language code of text/sound track or separate title | eng |
| 050 04 - LIBRARY OF CONGRESS CALL NUMBER | |
| Classification number | 634.92 $2 18 |
| 110 2# - MAIN ENTRY--CORPORATE NAME | |
| Corporate name or jurisdiction name as entry element | Forestry Commission Scotland |
| 9 (RLIN) | 5586 |
| 245 00 - TITLE STATEMENT | |
| Title | Discussion paper on woodland expansion in Scotland |
| Medium | [electronic resource] |
| 260 ## - PUBLICATION, DISTRIBUTION, ETC. | |
| Place of publication, distribution, etc. | Edinburgh |
| Name of publisher, distributor, etc. | Forestry Commission Scotland |
| Date of publication, distribution, etc. | 2008 |
| 520 ## - SUMMARY, ETC. | |
| Summary, etc. | Consultation paper which provides the chance to comment on Forestry Commission Scotland's proposals to implement the woodland expansion element of the Scottish Government's Scottish Forestry Strategy (see E141215). Deadline for comments is 30 September 2008. |
| 521 ## - TARGET AUDIENCE NOTE | |
| Target audience note | Advanced |
| 590 ## - LOCAL NOTE (RLIN) | |
| Local note | KA |
| 651 #4 - SUBJECT ADDED ENTRY--GEOGRAPHIC NAME | |
| Geographic name | Scotland |
| Chronological subdivision | 1999- |
| 690 ## - LOCAL SUBJECT ADDED ENTRY--TOPICAL TERM (OCLC, RLIN) | |
| Topical term or geographic name as entry element | ENVIRONMENTAL AND LAND CONSULTANCY-FORESTRY AND WOODLAND MANAGEMENT |
| 856 48 - ELECTRONIC LOCATION AND ACCESS | |
| Uniform Resource Identifier | <a href="https://www.forestry.gov.uk/pdf/ForestExpansion.pdf/$FILE/ForestExpansion.pdf">https://www.forestry.gov.uk/pdf/ForestExpansion.pdf/$FILE/ForestExpansion.pdf</a> |
| Public note | View the consultation free of charge at www.forestry.gov.uk... |
| 942 ## - ADDED ENTRY ELEMENTS (KOHA) | |
| Suppress in OPAC | 0 |
| Withdrawn status | Lost status | Source of classification or shelving scheme | Damaged status | Not for loan | Home library | Current library | Shelving location | Date acquired | Total Checkouts | Full call number | Barcode | Date last seen | Copy number | Price effective from | Koha item type |
|---|---|---|---|---|---|---|---|---|---|---|---|---|---|---|---|
| Dewey Decimal Classification | Virtual | Virtual | Online | 01/08/2008 | ONLINE PUBLICATION | 144641-2001 | 06/08/2019 | 1 | 06/08/2019 | Book |